Právny poradca mesačník o pracovnom, občianskom, súdnom a ekonomickom práve, nemocenskom, zdravotnom a dôchodkovom poistení

Na minha lista:
Detalhes bibliográficos
Formato: Periódico
Idioma:eslovaco
Publicado em: Bratislava Právny poradca
Assuntos:
Tags: Adicionar Tag
Sem tags, seja o primeiro a adicionar uma tag!

MARC

LEADER 00000nas1a22000001 4500
001 s120256
005 20230412092211.2
041 0 |a slo 
044 |a SK 
245 1 0 |a Právny poradca  |b mesačník o pracovnom, občianskom, súdnom a ekonomickom práve, nemocenskom, zdravotnom a dôchodkovom poistení 
264 1 |a Bratislava  |b Právny poradca 
610 2 0 |a právo 
610 2 0 |a poistenie dôchodkové 
610 2 0 |a poistenie nemocenské 
610 2 0 |a poistenie zdravotné 
610 2 0 |a právo občianske